000 00624nam a2200157 a 4500
001 000036841
005 20200930075953.0
008 120202s2012 dr ac 000 0 spa d
020 _a9789945877922
040 _aDO-SdBNP
_bspa
_cBNPHU
100 1 _aPeña Guillén, José Elías
_963188
245 1 0 _aFundamentos y guía para la elaboración de pruebas prácticas de técnicos/maestros técnicos /
_cJosé Elías, Peña Guillén ; colaboración Julián Martínez Villanueva... [et al.].
260 _aSanto Domingo :
_bEditora de Revista,
_c2012.
300 _a90 p. ;
_c29 cm.
700 1 2 _aMartínez Villanueva, Julián
_963189
999 _c36332
_d36332